Never done and poorly paid : (Record no. 29074)

MARC details
000 -LEADER
fixed length control field 01509nam a22003135a 4500
005 - DATE AND TIME OF LATEST TRANSACTION
control field 2009081006166.0
008 - FIXED-LENGTH DATA ELEMENTS--GENERAL INFORMATION
fixed length control field 090121s2009 ii b 000 0 eng d
010 ## - LCCN (DPL NO)
LC control number ENG-94691 B-464453
020 ## - INTERNATIONAL STANDARD BOOK NUMBER
International Standard Book Number 9788188965441
Terms of availability 250.00
020 ## - INTERNATIONAL STANDARD BOOK NUMBER
International Standard Book Number 8188965448
Terms of availability 250.00
035 ## - SYSTEM CONTROL NUMBER
System control number EN-78224
037 ## - SOURCE OF ACQUISITION
Stock number DBAD / PUB
040 ## - CATALOGING SOURCE
Original cataloging agency dpl
Language of cataloging English
082 ## - DEWEY DECIMAL CLASSIFICATION NUMBER
Classification number 330.0820954
100 ## - MAIN ENTRY--PERSONAL NAME
Personal name Ghosh, Jayati.
9 (RLIN) 55007
245 ## - TITLE STATEMENT
Title Never done and poorly paid :
Remainder of title women's work in globalising India /
Statement of responsibility, etc by Jayati Ghosh
260 ## - PUBLICATION, DISTRIBUTION, ETC. (IMPRINT)
Place of publication, distribution, etc New Delhi
Name of publisher, distributor, etc Women Unlimited (an associate of Kali for Women)
Date of publication, distribution, etc 2009
270 ## - ADDRESS
Address K-36, Hauz Khas Enclave, Ground Floor,
City New Delhi
Postal code 110016
300 ## - PHYSICAL DESCRIPTION
Extent ix, 185p.
Dimensions 23cm(Hb)
490 ## - SERIES STATEMENT
Series statement Feminist fine print ;
Volume number/sequential designation 6
-- 55008
504 ## - BIBLIOGRAPHY, ETC. NOTE
Bibliography, etc Includes bibliographical references
650 ## - SUBJECT ADDED ENTRY--TOPICAL TERM
Topical term or geographic name as entry element Women employees
General subdivision Economic conditions
Geographic subdivision India.
9 (RLIN) 55009
650 ## - SUBJECT ADDED ENTRY--TOPICAL TERM
Topical term or geographic name as entry element Women
General subdivision Employment
Geographic subdivision India.
9 (RLIN) 55010
650 ## - SUBJECT ADDED ENTRY--TOPICAL TERM
Topical term or geographic name as entry element Women in economic development
Geographic subdivision India.
9 (RLIN) 55011
942 ## - ADDED ENTRY ELEMENTS (KOHA)
Source of classification or shelving scheme Dewey Decimal Classification
Item type English Books
Classification part 330.0820954
Call number suffix GHO
Holdings
Withdrawn status Lost status Source of classification or shelving scheme Damaged status Not for loan Collection code Home library Current library Date acquired Source of acquisition Cost, normal purchase price Total Checkouts Full call number Barcode Date last seen Copy number Cost, replacement price Koha item type
  Written-off vide DLB M. No. 383 dt 16.05.19 Dewey Decimal Classification     Non-fiction Central Library Central Library 31/01/2013 KKP/BL 1714/16.02.12/Sp/29/24.01.12/12.03.12 250.00   330.0820954 GHO B-464453 31/01/2013 1 250.00 English Books
    Dewey Decimal Classification   Not For Loan Non-fiction Andrews Gunj D.B.Act.Division 10/08/2009 DBAD / PUB 250.00   330.0820954 GHO EN-78224 10/08/2009 1 250.00 English Books

© Delhi Public Library
Hit Counter
free hit counter